=LDR 00000nam 2200000 4500 =001 INLIS000000000033707 =005 20130612135639 =008 ***********************************ind** =035 ##$$0010-061300000033707 =041 ##$$a ind =082 ##$$a 526.982 =090 ##$$a 526.982, Mud t =100 ##$$a Muda, Iskandar =245 ##$$a Teknik survei dan pemenatan jilid 2 untuk SMK, Iskandar muda =260 ##$$a 2008 $b Jaskarta =300 ##$$a xiii,336 hlm, Ilus, 25 cm =650 ##$$a Survai - Tanah =850 ##$$a NBPNMAT